000 00994nam0a2200301 4500
001 RU\NLR\bibl\8227
005 20260406121244.0
010 _a5-89396-079-3
_950000
021 _aRU
_b98-12429
_9585
035 _a(NLR Aleph) 000008034
090 _a25326
_c25326
100 _a19981120d1998 |||y0rusy50 ca
101 0 _arus
102 _aRU
105 _ay |||||||||
200 1 _aНе мешайте палачу
_e[Роман]
_fАлександра Маринина
210 _aЕкатеринбург
_cАРД-ЛТД
_d1998
215 _a383 с.
_d16
225 1 _aКримин. бестселлер
686 _aШ6(2=Р)75-446
700 1 _4070
_8rus
_7ca
_aМаринина
_bА. Б.
_gАлександра Борисовна
_f1957-
_3RU\NLR\auth\77515
_9110564
801 0 _aRU
_bNLR
_c19981120
_gPSBO
801 1 _aRU
_bNLR
_c19981120
852 _aNLR
_j98-2/801
942 _cBOOK
980 _aNB